000 01281nam a22003617a 4500
003 CHAP
005 20220329143653.0
008 101206s198? mx a r 00010 eng d
010 _a100077
011 _a101049
035 _a111735
040 _cCHAP
082 1 4 _a615.32
_bR24
245 0 0 _aRecopilación de artículos de botánica médica y de medicamentos de origen vegetal
_c/compilado por [Victor Ontañón Moreno]
260 _a[Chapingo, Méx.] :
_b[s. d.],
_c[198?]
300 _a2 v. :
_bilus., cuadros, tablas
590 _aBATCH-UPD
_b10
_c20130110
_lUCH01
_h1137
590 _aBATCH-UPD
_b10
_c20130410
_lUCH01
_h0724
590 _aBATCH-UPD
_b10
_c20130913
_lUCH01
_h1857
590 _aCONVERSION
_b10
_c20130109
_lUCH01
_h1355
650 1 4 _aAceites esenciales.
_9455
650 1 4 _aBiotecnología vegetal.
_912892
650 1 4 _aBotánica médica.
_914680
650 1 4 _aFarmacología.
_939762
650 1 4 _aMedicina alternativa.
_973914
650 1 4 _aQuímica vegetal.
_993602
700 0 _aOntañón Moreno, Víctor
_e, comp.
_983328
901 _aBK
911 _aen proceso
942 _cLIBRO
949 _a615.32 R24
_bBC
_cLIBRO
_d33724002117637
_eLIBRO
_fv.1
_h113941
_i111735
_sb
949 _a615.32 R24
_bBC
_cLIBRO
_d33724002117678
_eLIBRO
_fv.2
_h113942
_i111735
_sb
999 _c100077
_d100077